00318nam a2200121Ia 4500008004100000041000800041082001500049100001400064245005200078260003000130300001900160999001700179241015s9999 xx 000 0 und d aeng a332.63 JAM aIvy James aFinancial Derivatives: Markets And Applications bWillford PressaUSAc2023 a215;. P. 23 cm c41714d41714